| 000 | 00400nam a2200145Ia 4500 | ||
|---|---|---|---|
| 008 | 230917s9999||||xx |||||||||||||| ||und|| | ||
| 040 |
_e160389 _aMAIN |
||
| 041 | _aEnglish | ||
| 082 | _a338.4791 S81S | ||
| 100 | _aAparna Raj, ed. | ||
| 245 | 0 | _aSustainability, profitability and successfull tourism. 2V | |
| 260 |
_aNew Delhi _bKanishka Publishers _c2007 |
||
| 300 | _a347 p. ; 244 | ||
| 942 | _cBK | ||
| 999 |
_c144076 _d144076 |
||